00430nam a2200169Ia 4500003000400000005001700004008004100021020001800062040000900080082001500089100001700104245006800121250001300189260003800202300000800240650001200248OSt20210427121540.0190216s9999||||xx |||||||||||||| ||und|| a9780195630558 coclc a424bINT/E aInthira, S R 0aEnrich Your English : Academic Skills Workbook/c S R Inthira  a12nd Ed. bOxford Newyork,c2005.aNew york: a51p aEnglish